Syferspeletjies : kopkrap-plesier vir 'n ieder en 'n elk (Record no. 419643)

MARC details
000 -LEADER
fixed length control field 00294nam a2200097Ia 4500
082 ## - DEWEY DECIMAL CLASSIFICATION NUMBER
Classification number J 793.74 VAN
008 - FIXED-LENGTH DATA ELEMENTS--GENERAL INFORMATION
fixed length control field 210817s9999 xx 000 0 und d
100 ## - MAIN ENTRY--PERSONAL NAME
Personal name VAN WYK, P J. Pretoria, 1989
9 (RLIN) 98834
245 #0 - TITLE STATEMENT
Title Syferspeletjies : kopkrap-plesier vir 'n ieder en 'n elk
942 ## - ADDED ENTRY ELEMENTS
item type Books

No items available.